Cities with multiple Champions League clubs - Statistics

General Stats
  • This quiz has been taken 1,312 times
  • The average score is 11 of 18
Answer Stats
Amount Answer % Correct
3 London
98%
2 Madrid
98%
2 Manchester
91%
2 Milan
89%
2 Rome
82%
3 Moscow
74%
2 Berlin
73%
2 Lisbon
71%
3 Athens
61%
4 Istanbul
60%
2 Glasgow
58%
2 Vienna
51%
2 Belgrade
46%
2 Prague
45%
2 Seville
44%
2 Porto
41%
2 Zurich
31%
2 Tel Aviv
10%
No matching quizzes found
Score Distribution
Percent of People with Each Score
Percentile by Number Answered
Your Score History
You have not taken this quiz